| 000 | 00406cam a22001097a 4500 | ||
|---|---|---|---|
| 008 | 180718b xxu||||| |||| 00| 0 eng d | ||
| 082 | _aT112x5411 As72/1950-51 | ||
| 245 |
_aEstimates of state income of Assam 1950-51, 1955-56, and 1960-61 to 1966-67 _cby Department of Economics & Statistics |
||
| 260 |
_aShillong _bGovernment of Assam _c |
||
| 300 | _av.p. | ||
| 700 | _aAssam. Department of Economics & Statistics | ||
| 999 |
_c496821 _d496821 |
||